Las categorías gramaticales : relaciones y diferencias /

Este libro aborda las distinciones más elementales entre las categorías básicas del análisis gramatical. Analiza las partes de la oración, o más exactamente, lo que las une y las separa. Intenta precisar en que aspectos se diferencian y en cuales se aproximan el adjetivo y el adverbio, la preposició...

Бүрэн тодорхойлолт

-д хадгалсан:
Номзүйн дэлгэрэнгүй
Үндсэн зохиолч: Bosque, Ignacio (autor)
Формат: Ном
Хэл сонгох:испани
Хэвлэсэн: Madrid, España : Síntesis, 2002, c2002
Цуврал:(Lingüística. Textos de Apoyo ; 11)
Нөхцлүүд:
Шошгууд: Шошго нэмэх
Шошго байхгүй, Энэхүү баримтыг шошголох эхний хүн болох!

MARC

LEADER 00000nam^a2200000^a^4500
001 000156109
005 20250521000000.0
009 20260310100454.105
020 |a 84-7738-075-9 
037 |a Acervo ITESO - Biblioteca 
041 |a ESP 
082 |a 415.  |b BOS 
100 |a Bosque, Ignacio  |e (autor) 
245 1 4 |a Las categorías gramaticales :  |b relaciones y diferencias /  |c I. Bosque. 
264 4 |a Madrid, España :  |b Síntesis,  |c 2002, c2002 
300 |a 231 p. 
336 |a texto  |b txt  |2 rdacontenido 
337 |a sin mediación  |b n  |2 rdamedio 
338 |a volumen  |b nc  |2 rdasoporte 
440 1 |a (Lingüística.  |p Textos de Apoyo ;  |v 11) 
520 |a Este libro aborda las distinciones más elementales entre las categorías básicas del análisis gramatical. Analiza las partes de la oración, o más exactamente, lo que las une y las separa. Intenta precisar en que aspectos se diferencian y en cuales se aproximan el adjetivo y el adverbio, la preposición y la conjunción o el artículo y el pronombre. Las categorías léxicas y sintácticas no son sino dos de las muchas unidades necesarias para describir la complejidad del sistema sintáctico, entre las restantes están los distintos tipos de funciones sintácticas y semánticas, relaciones posicionales, y ciertos principios discursivos de carácter extraoracional. 
649 |a XX 
650 |a Adjetivo 
650 |a Sustantivo 
650 |a Adverbio 
650 |a Verbo 
650 |a Pronombre 
650 |a Preposición 
650 |a Conjunción 
650 |a Complemento Gramatical 
650 |a Artículo Gramatical 
650 |a Oración Gramatical 
650 |a Sintaxis 
650 |a Gramática 
650 |a Lingüística 
910 |a Fondo General 
920 |a Impresos - Libros 
930 |a Colección General 
905 |a 101 
901 |a 0500083481  |b IT1  |c ACC  |u 20250521 
902 |a https://opac.biblio.iteso.mx/vufind/Record/000156109